Nenne die Namen der Marvel-Charaktere. - Statistiken

Allgemein
  • Dieses Quiz wurde 469 mal gespielt
  • Das Durchschnittsergebnis liegt bei 9 aus 16
Antwortstatistiken
Hint Antwort % Korrekt
Iron Man Tony Stark
97%
Spider-Man Peter Parker
84%
Captain America Steve Rodgers
80%
Hulk Bruce Banner
79%
The Winter Soldier Bucky Barnes
61%
Black Widow Natasha Romanoff
57%
Thor Thor Odinson
54%
Hawkeye Clint Barton
52%
Star-Lord Peter Quill
52%
Scarlet Witch Wanda Maximoff
49%
Dr. Strange Stephen Strange
44%
The Falcon Sam Wilson
41%
Black Panther T'Challa
39%
Ant-Man Scott Lang
37%
War Machine James Rhodes
25%
Captain Marvel Carol Danvers
18%
Keine übereinstimmenden Quizze gefunden
Verteilung der Resultate
Anzahl Personen mit jedem Resultat
Perzentil nach korrekt beantworteten Fragen
Ihre Resultats-Entwicklung
Sie haben dieses Quiz noch nicht gespielt